| 000 | 00485nam a2200205Ia 4500 | ||
|---|---|---|---|
| 005 | 20260622151650.0 | ||
| 008 | 131103s9999 xx 000 0 und d | ||
| 040 | _aLoreto College | ||
| 041 | _aEnglish | ||
| 082 |
_a241 _bFAR |
||
| 100 | _aFarrell, Walter | ||
| 245 | 4 |
_aThe looking glass _cWalter Farrell |
|
| 250 | _a4th ed. | ||
| 260 |
_aChicago _bPaluck _c1953 |
||
| 300 | _a156p. | ||
| 650 | _aMoral theology | ||
| 651 | _aChristianity | ||
| 850 | _aLCLIB | ||
| 942 | _cBK | ||
| 999 |
_c25652 _d76131 |
||